000 00616pam a2200217 a 4500
001 3959601
005 20250122134103.0
008 940330s1995 nyua b 001 0 eng
020 _a0070569592 (alk. paper) :
_c$47.95
050 0 0 _aHM51
_b.S345 1995
082 0 0 _a301
_220
100 1 _aSchaefer, Richard T.
245 1 0 _aSociology /
_cRichard T. Schaefer, Robert P. Lamm.
250 _a5th ed.
260 _aNew York :
_bMcGraw-Hill,
_cc1995.
300 _axxiv, 677 p. :
_bill. (some col.) ;
_c27 cm.
650 0 _aSociology.
650 0 _aSocial problems.
700 1 _aLamm, Robert P.
942 _2lcc
_cBK
_n0
999 _c2800
_d2800